Internet CZ a Netscape Navigator [průvodce světem Internetu doplněný detailním popisem nejpoužívanějšího prohlížeče ... ]
Salvato in:
| Autore principale: | |
|---|---|
| Natura: | Libro |
| Lingua: | ceco |
| Pubblicazione: |
Praha
Grada Publishing
1997
|
| Soggetti: | |
| Tags: |
Nessun Tag, puoi essere il primo ad aggiungerne!!
|
MARC
| LEADER | 00000nam a2200000 4500 | ||
|---|---|---|---|
| 001 | c110548 | ||
| 005 | 20230228085404.4 | ||
| 020 | |a 80-7169-379-0 | ||
| 041 | 0 | |a cze | |
| 044 | |a CZ | ||
| 245 | 1 | 0 | |a Internet CZ a Netscape Navigator |b [průvodce světem Internetu doplněný detailním popisem nejpoužívanějšího prohlížeče ... ] |c Miroslav Renda |
| 264 | 1 | |a Praha |b Grada Publishing |c 1997 | |
| 300 | |a 231 s. | ||
| 610 | 2 | 0 | |a siete počítačové |
| 610 | 2 | 0 | |a jazyky programovacie |
| 610 | 2 | 0 | |a komunikácia |
| 610 | 2 | 0 | |a softvér |
| 610 | 2 | 0 | |a využitie počítačov |
| 610 | 2 | 0 | |a pošta elektronická |
| 610 | 2 | 0 | |a obchod elektronický |
| 610 | 2 | 0 | |a ochrana dát |
| 610 | 2 | 0 | |a internet |
| 100 | 1 | |a Renda, Miroslav | |